প্র্যাকটিক্যাল প্র্যাকটিস অব হোমিও আই ট্রিটমেন্ট : (Record no. 71011)
[ view plain ]
| 000 -LEADER | |
|---|---|
| fixed length control field | 01147nam a2200229 a 4500 |
| 001 - CONTROL NUMBER | |
| control field | 71011 |
| 003 - CONTROL NUMBER IDENTIFIER | |
| rucl marc code | BD-RjUL |
| 005 - DATE AND TIME OF LATEST TRANSACTION | |
| control field | 20211209082052.0 |
| 008 - FIXED-LENGTH DATA ELEMENTS--GENERAL INFORMATION | |
| fixed length control field | 170423s1993 bg a|||| |||| 00| 0 eng d |
| 020 ## - INTERNATIONAL STANDARD BOOK NUMBER | |
| Terms of availability | : TK. 125.00 |
| 035 ## - SYSTEM CONTROL NUMBER | |
| System control number | (BD-RjUL)71225 |
| 040 ## - CATALOGING SOURCE | |
| Original cataloging agency | BD-RjUL |
| Language of cataloging | ben |
| Transcribing agency | BD-RjUL |
| Modifying agency | BD-RjUL |
| 041 ## - LANGUAGE CODE | |
| Language code of text/sound track or separate title | ben |
| 082 ## - DEWEY DECIMAL CLASSIFICATION NUMBER | |
| Edition number | 23 |
| Classification number | 615.532 |
| Author mark and year | RAP 1993 |
| 100 ## - MAIN ENTRY--PERSONAL NAME | |
| Personal name | রশিদ, কন্দকার আব্দুর |
| 9 (RLIN) | 210105 |
| 245 ## - TITLE STATEMENT | |
| Title | প্র্যাকটিক্যাল প্র্যাকটিস অব হোমিও আই ট্রিটমেন্ট : |
| Remainder of title | উপমহাদেশের একক বৃহওর এনাটমি ও ফিজিওলোজির আলোকে হোমিওপ্যাথিক চক্ষু চিকিৎসার বই / |
| Statement of responsibility, etc. | কন্দকার আব্দুর রশিদ |
| 260 ## - PUBLICATION, DISTRIBUTION, ETC. (IMPRINT) | |
| Place of publication, distribution, etc. | কুষ্টিয়া : |
| Name of publisher, distributor, etc. | তাহ্মিনা খন্দকার, |
| Date of publication, distribution, etc. | ১৯৯৩. |
| 300 ## - PHYSICAL DESCRIPTION | |
| Pagination | ১৭১ পৃ. : |
| Illustrations | চিত্র. ; |
| Size | ২৪ সে.মি. |
| 650 ## - SUBJECT ADDED ENTRY--TOPICAL TERM | |
| Topical term or geographic name as entry element | সদৃশবিধান |
| 9 (RLIN) | 210106 |
| Topical term or geographic name as entry element | Homeopathy |
| 9 (RLIN) | 210107 |
| 942 ## - ADDED ENTRY ELEMENTS (KOHA) | |
| Source of classification or shelving scheme | Dewey Decimal Classification |
| Koha item type | Books |
| Lost status | Source of classification or shelving scheme | Damaged status | Not for loan | Collection code | Permanent Location | Current Location | Shelving location | Date acquired | Source of acquisition | Cost, normal purchase price | Total Checkouts | Full call number | Date last seen | Copy number | Koha item type |
|---|---|---|---|---|---|---|---|---|---|---|---|---|---|---|---|
| Dewey Decimal Classification | Not For Loan | Non-fiction | Central Library, University of Rajshahi | Central Library, University of Rajshahi | Reading Room | 09/12/2021 | R.U.L., Rajshahi | 125.00 | B 615.532 RAP 1993 | 23/04/2017 | C-1 | Books |